[Event "Jm KP I 24-25 Veseli - Duras B"]
[Site "?"]
[Date "2025.01.05"]
[Round "30.3"]
[White "Symersky, P."]
[Black "Tikovsky, A."]
[Result "1/2-1/2"]
[WhiteElo "2072"]
[BlackElo "2089"]
[PlyCount "78"]

1. Nf3 d5 2. d4 Nf6 3. g3 c5 4. c4 dxc4 5. Qa4+ Qd7 6. Qxc4 cxd4 7. Nxd4 e5 8.
Nb3 b5 9. Qd3 Qxd3 10. exd3 Bb7 11. Rg1 Nc6 12. a3 a5 13. Be3 Ng4 14. h3 Nxe3
15. fxe3 a4 16. N3d2 Bc5 17. Ke2 O-O 18. Bg2 Rab8 19. Bxc6 Bxc6 20. Rc1 Rfc8
21. Rxc5 Bf3+ 22. Kxf3 Rxc5 23. Nc3 f5 24. Ke2 g6 25. d4 exd4 26. exd4 Rc7 27.
Kd3 Re7 28. Nf3 Kg7 29. Ne5 Re6 30. Re1 b4 31. axb4 Rxb4 32. Re2 Reb6 33. Nc4
Rc6 34. Ne3 Ra6 35. Ned5 Rb7 36. Kc4 Rc6+ 37. Kd3 Ra6 38. Kc4 Rc6+ 39. Kd3 Ra6
1/2-1/2

[Event "Jm KP I 24-25 Veseli - Duras B"]
[Site "?"]
[Date "2025.01.05"]
[Round "30.4"]
[White "Kredl, Karel"]
[Black "Skalka, Jan"]
[Result "1-0"]
[WhiteElo "2046"]
[BlackElo "1987"]
[PlyCount "65"]

1. d4 Nf6 2. c4 g6 3. Nc3 d5 4. cxd5 Nxd5 5. e4 Nxc3 6. bxc3 Bg7 7. Qa4+ Nd7 8.
Qa3 O-O 9. Nf3 c5 10. Be2 cxd4 11. cxd4 Nf6 12. e5 Nd5 13. O-O Qb6 14. Bd2 Bf5
15. Rac1 Rfc8 16. Rfe1 Rxc1 17. Rxc1 Rc8 18. Rxc8+ Bxc8 19. h3 Bf8 20. Qa4 Bf5
21. Bc4 Qc6 22. Bb5 Qc2 23. Qxa7 Qb1+ 24. Bf1 Bd3 25. Nh2 e6 26. Qa8 Bxf1 27.
Nxf1 Qb2 28. Bh6 Qa3 29. Qb8 Nc3 30. Ne3 Ne2+ 31. Kh2 Nxd4 32. Ng4 f5 33. Nf6+
1-0

[Event "Jm KP I 24-25 Veseli - Duras B"]
[Site "?"]
[Date "2025.01.05"]
[Round "30.5"]
[White "Travnicek, Petr"]
[Black "Zuziak, Petr"]
[Result "1-0"]
[WhiteElo "2059"]
[BlackElo "1942"]
[PlyCount "101"]

1. d4 Nf6 2. c4 c5 3. d5 b5 4. cxb5 a6 5. bxa6 Bxa6 6. Nc3 g6 7. e4 Bxf1 8.
Kxf1 d6 9. g3 Bg7 10. Kg2 O-O 11. Nf3 Nbd7 12. h3 Qb6 13. Qc2 Rfb8 14. Re1 Ne8
15. b3 Nc7 16. Bg5 Kf8 17. Rac1 Na6 18. Na4 Qb7 19. Qd2 f6 20. Be3 Nb6 21. Nxb6
Qxb6 22. Qe2 Nc7 23. Rb1 Nb5 24. Rbc1 Nc7 25. Rc2 Rb7 26. Nd2 Na6 27. a3 Qd8
28. Rb1 Qb8 29. Qd3 Nc7 30. Nc4 Ra6 31. a4 Rxa4 32. bxa4 Rxb1 33. Ra2 Qb3 34.
Qxb3 Rxb3 35. a5 Na6 36. g4 Rb4 37. Rc2 Kf7 38. f4 Ra4 39. f5 Nb4 40. Rc3 Na6
41. Kf3 Ke8 42. Ke2 Rb4 43. Kd3 Kd8 44. Ra3 Kc7 45. Bd2 Rb1 46. Kc2 Rb5 47. Rb3
Nb4+ 48. Bxb4 cxb4 49. Rb2 Bh6 50. Kb3 Bc1 51. Rc2 1-0

[Event "Jm KP I 24-25 Veseli - Duras B"]
[Site "?"]
[Date "2025.01.05"]
[Round "30.6"]
[White "Fencl, Vaclav"]
[Black "Krizek, Frantisek"]
[Result "1-0"]
[WhiteElo "1904"]
[BlackElo "1922"]
[PlyCount "60"]

1. e4 c6 2. d3 e5 3. Nf3 Nf6 4. Be2 Be7 5. O-O d6 6. Nbd2 O-O 7. c3 Nbd7 8. Qc2
Re8 9. Re1 Nf8 10. Nf1 Ne6 11. Ne3 Nf4 12. Bf1 Ng4 13. d4 Qc7 14. h3 Nxe3 15.
Bxe3 Ng6 16. Bc4 Bf6 17. Rad1 h6 18. Re2 Nf8 19. Red2 Ne6 20. b4 Ng5 21. Nxg5
Bxg5 22. Bxg5 hxg5 23. Be2 Qe7 24. dxe5 dxe5 25. Qd3 c5 26. b5 g6 27. Qd5 Kg7
28. a4 Kf6 29. Rd3 Be6 30. Rf3+ Kg7 1-0

[Event "Jm KP I 24-25 Veseli - Duras B"]
[Site "?"]
[Date "2025.01.05"]
[Round "30.7"]
[White "Vrtal, Jaroslav"]
[Black "Tajovsky, M."]
[Result "1/2-1/2"]
[WhiteElo "1965"]
[BlackElo "2065"]
[PlyCount "166"]

1. d4 Nf6 2. Nf3 c5 3. e3 d5 4. Nbd2 e6 5. c3 Nc6 6. Bd3 cxd4 7. exd4 Bd6 8.
O-O O-O 9. Qe2 Qc7 10. Re1 Nd7 11. Nf1 e5 12. dxe5 Ncxe5 13. Nxe5 Nxe5 14. Bc2
Bg4 15. f3 Bh5 16. Be3 Rfe8 17. Qd1 Rad8 18. Bg5 Bc5+ 19. Kh1 f6 20. Bf4 d4 21.
Be4 Qf7 22. cxd4 Rxd4 23. Qc2 Rc4 24. Qd1 Rd4 25. Qc2 Bb6 26. Bxh7+ Kh8 27.
Bxe5 fxe5 28. Be4 Rc4 29. Qb3 Qc7 30. Bd5 Rf4 31. Rac1 Qe7 32. g3 Rb4 33. Qc2
e4 34. g4 Bg6 35. Ng3 Qf6 36. fxe4 Rxb2 37. Qd3 Bf2 38. Rf1 Qe5 39. Nf5 Bxf5
40. gxf5 Bh4 41. Rc2 Rxc2 42. Qxc2 Bg5 43. Qg2 Bh6 44. Qg6 Rf8 45. Bxb7 Rb8 46.
Bd5 Rf8 47. Qg3 Qd4 48. Qh3 Qd2 49. Qf3 Qd4 50. Rd1 Qe5 51. Qa3 Rd8 52. Qa5 Rd7
53. Qa4 Rc7 54. Qd4 Bf4 55. Qxe5 Bxe5 56. Rd2 Kh7 57. Kg2 Rc3 58. Re2 Kh6 59.
a4 Kg5 60. a5 Ra3 61. Ra2 Rc3 62. a6 Kf6 63. Bb7 Bd4 64. Kf1 Ke5 65. Rd2 Rc1+
66. Ke2 Rc3 67. h4 Rh3 68. h5 Rxh5 69. Kd3 Rh3+ 70. Kc4 Rc3+ 71. Kb4 Rc1 72.
Rg2 Kd6 73. Rg6+ Bf6 74. Rg2 Rb1+ 75. Ka3 Ra1+ 76. Kb3 Rb1+ 77. Kc4 Rc1+ 78.
Kd3 Rc3+ 79. Kd2 Rb3 80. Kc1 Kc5 81. Rc2+ Rc3 82. Rxc3+ Bxc3 83. Kc2 Be5
1/2-1/2

[Event "Jm KP I 24-25 Veseli - Duras B"]
[Site "?"]
[Date "2025.01.05"]
[Round "30.8"]
[White "Hyrs, Martin"]
[Black "Klenner, Richard"]
[Result "0-1"]
[WhiteElo "1836"]
[BlackElo "1949"]
[PlyCount "68"]

1. d4 Nf6 2. Nf3 d6 3. c4 Nbd7 4. Nc3 e5 5. e4 Qe7 6. d5 Nc5 7. Qc2 a5 8. h3 g6
9. Bd3 Bg7 10. O-O Nxd3 11. Qxd3 O-O 12. Kh2 Nh5 13. g3 f5 14. Bd2 h6 15. Ng1
Kh7 16. f3 Bd7 17. Kg2 g5 18. g4 fxg4 19. fxg4 Nf4+ 20. Bxf4 gxf4 21. Nf3 Bf6
22. Kf2 Rg8 23. Rg1 Rg7 24. Rg2 Rag8 25. Rag1 Rg6 26. Nh2 Bh4+ 27. Kf1 Bg3 28.
Nf3 R8g7 29. Ne2 Bh4 30. Nxh4 Qxh4 31. Qf3 h5 32. Nc1 hxg4 33. hxg4 Kg8 34. Qb3
Bxg4 0-1

[Event "Jm KP I 24-25 Kurim A-Duras B"]
[Site "?"]
[Date "2025.01.19"]
[Round "31.1"]
[White "Jordanov, Mihail"]
[Black "Novy, Martin"]
[Result "1-0"]
[WhiteElo "2190"]
[BlackElo "2099"]
[PlyCount "63"]

1. e4 d6 2. d4 g6 3. Nc3 c6 4. Be3 Bg7 5. Qd2 b5 6. Bd3 Nd7 7. Nf3 Bb7 8. h4 h5
9. a4 a6 10. O-O Qc7 11. axb5 cxb5 12. Ng5 Nh6 13. f3 Rc8 14. Ne2 Nb6 15. b3
Nc4 16. bxc4 bxc4 17. Nf4 cxd3 18. cxd3 Qd7 19. Rab1 e5 20. Ne2 exd4 21. Bxd4
Bxd4+ 22. Nxd4 Rc7 23. Rfc1 Rxc1+ 24. Qxc1 Bc8 25. Nh3 Kf8 26. Qc3 f6 27. Nf4
Kf7 28. Qb3+ Kg7 29. Nfe6+ Kh7 30. Rc1 Nf7 31. Rc7 Qe8 32. Rxf7+ 1-0

[Event "Jm KP I 24-25 Kurim A-Duras B"]
[Site "?"]
[Date "2025.01.19"]
[Round "31.2"]
[White "Tikovsky, Alexandr"]
[Black "Majer, Jiri"]
[Result "1/2-1/2"]
[WhiteElo "2071"]
[BlackElo "2147"]
[PlyCount "84"]

1. g3 Nf6 2. Bg2 g6 3. c4 Bg7 4. Nc3 O-O 5. e4 d6 6. Nge2 c5 7. O-O Nc6 8. d3
Rb8 9. Rb1 a6 10. a4 b6 11. h3 Bb7 12. Be3 Nd7 13. Qd2 Nd4 14. b4 Nxe2+ 15.
Nxe2 Bc6 16. b5 axb5 17. axb5 Bb7 18. Bh6 Ra8 19. Bxg7 Kxg7 20. Ra1 Qc7 21.
Qb2+ e5 22. h4 Rxa1 23. Rxa1 Ra8 24. Bh3 Rf8 25. Ra7 Qb8 26. Qa1 Nf6 27. Nc3
Rd8 28. Nd1 Ne8 29. Ne3 Nc7 30. f4 Ne8 31. f5 Nc7 32. g4 Bc8 33. g5 gxf5 34.
Nxf5+ Bxf5 35. Bxf5 Rh8 36. Ra2 h6 37. Rg2 hxg5 38. Qc1 Qd8 39. Rxg5+ Kf8 40.
Qe1 Qf6 41. Qg3 Ne6 42. Bxe6 Qxe6 1/2-1/2

[Event "Jm KP I 24-25 Kurim A-Duras B"]
[Site "?"]
[Date "2025.01.19"]
[Round "31.3"]
[White "Petricek, Lukas"]
[Black "Zuziak, Petr"]
[Result "1-0"]
[WhiteElo "2064"]
[BlackElo "1937"]
[PlyCount "53"]

1. e4 c5 2. c3 Nc6 3. d4 cxd4 4. cxd4 d5 5. exd5 Qxd5 6. Nf3 Bg4 7. Nc3 Qh5 8.
d5 O-O-O 9. Qa4 Bxf3 10. gxf3 Ne5 11. Be2 Nxf3+ 12. Bxf3 Qxf3 13. Rg1 e5 14.
Be3 a6 15. Rc1 Kb8 16. Qa5 Rc8 17. Qb6 Rc7 18. Qa7+ Kc8 19. Qa8+ Kd7 20. Qxf8
Rc8 21. Qxg7 Ne7 22. Qxe5 Rhg8 23. Rg3 Ng6 24. Qe4 Qxe4 25. Nxe4 Rxc1+ 26. Bxc1
Re8 27. Re3 1-0

[Event "Jm KP I 24-25 Kurim A-Duras B"]
[Site "?"]
[Date "2025.01.19"]
[Round "31.4"]
[White "Luc, Martin"]
[Black "Parak, Dominik"]
[Result "1/2-1/2"]
[WhiteElo "1822"]
[BlackElo "2024"]
[PlyCount "53"]

1. e4 e6 2. d4 d5 3. Nd2 Nf6 4. e5 Nfd7 5. f4 c5 6. c3 Nc6 7. Ndf3 Qb6 8. g3
cxd4 9. cxd4 Bb4+ 10. Kf2 f6 11. Be3 O-O 12. Bh3 Nd8 13. Kg2 Nf7 14. Qd3 Be7
15. b3 Nh6 16. Ne2 Nf5 17. Bxf5 exf5 18. h3 Qe6 19. Rag1 Nb6 20. Kf2 Bd7 21. g4
Rac8 22. Ng3 Qc6 23. Rc1 Qb5 24. Qxb5 Bxb5 25. Nxf5 Ba3 26. Rcd1 Rc2+ 27. Kg3
1/2-1/2

[Event "Jm KP I 24-25 Kurim A-Duras B"]
[Site "?"]
[Date "2025.01.19"]
[Round "31.5"]
[White "Pavlik, Vladimir"]
[Black "Fencl, Vaclav"]
[Result "1-0"]
[WhiteElo "1975"]
[BlackElo "1892"]
[PlyCount "49"]

1. c4 Nf6 2. g3 g6 3. Bg2 Bg7 4. Nc3 O-O 5. Nf3 c5 6. O-O d5 7. cxd5 Nxd5 8.
Qb3 Nxc3 9. dxc3 Qc7 10. Rd1 c4 11. Qc2 Nc6 12. Be3 b5 13. Rd5 a6 14. Rad1 Be6
15. Rc5 Rac8 16. Ne5 Bxe5 17. Rxc6 Qa5 18. Rxc8 Rxc8 19. Qe4 Bg7 20. Qb7 Qxa2
21. Qxc8+ Bxc8 22. Rd8+ Bf8 23. Bh6 Qb1+ 24. Bf1 Bh3 25. Rxf8# 1-0

[Event "Jm KP I 24-25 Kurim A-Duras B"]
[Site "?"]
[Date "2025.01.19"]
[Round "31.6"]
[White "Chmelicek, Bronislav"]
[Black "Soucek, Andrej"]
[Result "1/2-1/2"]
[WhiteElo "1914"]
[BlackElo "1929"]
[PlyCount "68"]

1. e4 c5 2. c3 e6 3. d4 d5 4. exd5 exd5 5. Nf3 Nf6 6. Bb5+ Nc6 7. O-O Be7 8.
Ne5 Qb6 9. Bxc6+ bxc6 10. Re1 Be6 11. Qb3 Rc8 12. Qxb6 axb6 13. dxc5 Bxc5 14.
Be3 Bxe3 15. Rxe3 Ke7 16. Nd2 Kd6 17. a3 c5 18. Rd1 Rhe8 19. h3 b5 20. Nef3 h6
21. Ne4+ Nxe4 22. Rxe4 Bf5 23. Rxe8 Rxe8 24. Kf1 Be4 25. Ne1 g5 26. f3 Bg6 27.
Kf2 f5 28. g3 Re7 29. Ng2 Re5 30. h4 Bh5 31. hxg5 hxg5 32. Rh1 Be8 33. f4 gxf4
34. Nxf4 d4 1/2-1/2

[Event "Jm KP I 24-25 Kurim A-Duras B"]
[Site "MyTown"]
[Date "2025.01.19"]
[Round "31.7"]
[White "Horak, Bronislav"]
[Black "Hyrs, Martin"]
[Result "1-0"]
[WhiteElo "1922"]
[BlackElo "1886"]
[PlyCount "97"]

1. e4 d5 2. exd5 Qxd5 3. Nc3 Qa5 4. d4 Nf6 5. Bc4 c6 6. Bd2 Qd8 7. Nf3 Bf5 8.
O-O e6 9. Re1 Be7 10. h3 h6 11. Bf4 Nbd7 12. Qe2 Nb6 13. Bb3 Nbd5 14. Nxd5 Nxd5
15. Bg3 O-O 16. Rad1 Bd6 17. c4 Nf6 18. Ne5 Bb4 19. Rf1 Be7 20. Bc2 Bxc2 21.
Qxc2 Qa5 22. a3 c5 23. dxc5 Qxc5 24. Nd7 Nxd7 25. Rxd7 Bf6 26. Rxb7 Rfc8 27.
Rb4 a5 28. Ra4 Qc6 29. Rd1 Bxb2 30. Rd6 Qb7 31. c5 Bf6 32. Rc4 Qb2 33. Qd3 Be7
34. Rb6 Qa1+ 35. Rb1 Qa2 36. Rbc1 Rd8 37. Qf3 Rac8 38. Qc3 Bg5 39. Rc2 Qb1+ 40.
Kh2 Qb5 41. Be5 f6 42. Bd6 h5 43. f4 Bh6 44. Rb2 Qe8 45. Rb6 e5 46. fxe5 fxe5
47. Bxe5 Rd5 48. Bd6 Rxd6 49. Rxd6 1-0

[Event "Jm KP I 24-25 Kurim A-Duras B"]
[Site "?"]
[Date "2025.01.19"]
[Round "31.8"]
[White "Borkovec, Ondrej"]
[Black "Kriz, Tomas"]
[Result "0-1"]
[WhiteElo "1783"]
[BlackElo "1889"]
[PlyCount "114"]

1. d4 f5 2. e4 fxe4 3. Nc3 Nf6 4. Bg5 d6 5. f3 e3 6. Bxe3 g6 7. Qd2 b6 8. Bc4
d5 9. Bd3 Ba6 10. Nge2 Bxd3 11. Qxd3 Nc6 12. Bg5 Qd7 13. a3 Bg7 14. Qe3 O-O-O
15. Bh6 Bxh6 16. Qxh6 e5 17. dxe5 Nxe5 18. Qg5 Qe6 19. O-O-O h6 20. Nf4 Qd6 21.
Qg3 c6 22. Nxg6 Nxg6 23. Qxg6 Qf4+ 24. Kb1 Rhg8 25. Qd3 Rxg2 26. Ne2 Qc4 27.
Qxc4 dxc4 28. Rxd8+ Kxd8 29. Nd4 Kd7 30. Nf5 h5 31. Ne3 Rf2 32. Nxc4 Nd5 33. h4
Kc7 34. Ne5 Ne3 35. c3 Kd6 36. Nf7+ Kc5 37. Ng5 Kc4 38. Ka2 Nd5 39. Ne4 Re2 40.
Rd1 Ne3 41. Rd4+ Kb5 42. Rb4+ Ka5 43. Nd6 Rf2 44. Re4 Nd1 45. Nc4+ Ka6 46. Kb1
Rxf3 47. Kc2 Nf2 48. Re5 Rf4 49. Ne3 Rxh4 50. Nf5 Rh2 51. Re2 Ng4 52. Kd2 Rh3
53. Rg2 c5 54. Ng3 Ne5 55. Nf5 Nc4+ 56. Kc1 Rf3 57. Rg5 Rf1+ 0-1

[Event "Jm KP I 24-25 Hustopece-Veseli"]
[Site "?"]
[Date "2025.01.19"]
[Round "32.1"]
[White "Kuchynka, Lukas"]
[Black "Uricar, Jakub"]
[Result "1/2-1/2"]
[WhiteElo "2251"]
[BlackElo "2119"]
[PlyCount "25"]

1. d4 d5 2. Bf4 g6 3. e3 Bg7 4. h4 Nf6 5. Nc3 c6 6. Qd2 b6 7. Nf3 Ba6 8. Bxa6
Nxa6 9. Ne5 Rc8 10. f3 Nh5 11. Bh2 e6 12. O-O-O Bf6 13. g4 1/2-1/2

[Event "Jm KP I 24-25 Hustopece-Veseli"]
[Site "?"]
[Date "2025.01.19"]
[Round "32.2"]
[White "Hudecek, Jan"]
[Black "Vaculik, Martin"]
[Result "0-1"]
[WhiteElo "2172"]
[BlackElo "1972"]
[PlyCount "46"]

1. d4 d5 2. Nf3 Nf6 3. c4 e6 4. g3 Be7 5. Bg2 O-O 6. Nc3 dxc4 7. Ne5 Nc6 8.
Bxc6 bxc6 9. Nxc6 Qe8 10. Nxe7+ Qxe7 11. Qa4 e5 12. dxe5 Qxe5 13. Bf4 Qc5 14.
Be3 Qh5 15. Qxc4 Bb7 16. f3 Bxf3 17. exf3 Qxf3 18. Kd2 Rfd8+ 19. Bd4 c5 20.
Qxc5 Ne4+ 21. Nxe4 Qxe4 22. Rad1 Rac8 23. Qxc8 Qxd4+ 0-1

[Event "Jm KP I 24-25 Hustopece-Veseli"]
[Site "?"]
[Date "2025.01.19"]
[Round "32.3"]
[White "Urban, Vlastimil"]
[Black "Symersky, Petr"]
[Result "1/2-1/2"]
[WhiteElo "1921"]
[BlackElo "2072"]
[PlyCount "82"]

1. d4 d5 2. c4 e6 3. Nc3 Nf6 4. Nf3 Be7 5. Bg5 Nbd7 6. e3 h6 7. Bh4 c6 8. Qc2
b6 9. cxd5 exd5 10. Bd3 Bb7 11. O-O O-O 12. Qe2 Re8 13. Rab1 a5 14. Bg3 Bb4 15.
Rfc1 Qe7 16. h3 Ne4 17. Bc7 Rac8 18. Bh2 b5 19. Ne5 f6 20. Ng6 Qf7 21. Nf4 Nf8
22. a4 bxa4 23. Nxe4 Rxe4 24. Bxe4 dxe4 25. d5 c5 26. Qc4 f5 27. Rd1 Nd7 28.
Qb5 Nf6 29. d6 Bc6 30. Qa6 Qd7 31. Ng6 Bb7 32. Qa7 Kh7 33. Ne5 Qb5 34. d7 Rd8
35. Nf7 Rxd7 36. Rxd7 Qxd7 37. Nd6 Bc6 38. Qb8 Bd5 39. Be5 c4 40. Nb5 Bf7 41.
Nd4 Nd5 1/2-1/2

[Event "Jm KP I 24-25 Hustopece-Veseli"]
[Site "?"]
[Date "2025.01.19"]
[Round "32.4"]
[White "Skalka, Jan"]
[Black "Kuchynka, Lubos"]
[Result "1-0"]
[WhiteElo "1987"]
[BlackElo "1944"]
[PlyCount "79"]

1. c4 c5 2. g3 Nc6 3. Bg2 g6 4. Nc3 Bg7 5. Nf3 e5 6. O-O Nge7 7. d3 O-O 8. a3
d6 9. Rb1 a5 10. Ne1 Be6 11. Nc2 d5 12. cxd5 Nxd5 13. Ne3 Nde7 14. Nc4 Rb8 15.
Qa4 Nd4 16. Qxa5 b5 17. Qxd8 Rfxd8 18. Na5 b4 19. axb4 cxb4 20. Ne4 Rb5 21. Bg5
Nxe2+ 22. Kh1 Kf8 23. Bxe7+ Kxe7 24. Nc6+ Ke8 25. Nxd8 Kxd8 26. Ra1 Nd4 27.
Rfc1 Rb8 28. Ra7 Bh6 29. Rc5 Nb3 30. Rc6 Bf8 31. Ng5 Nd4 32. Rca6 Rc8 33. h3
Be7 34. Nxe6+ Nxe6 35. Rc6 Rb8 36. Bd5 Nc5 37. Rcc7 Bd6 38. Rxf7 Rc8 39. Rxh7
Bc7 40. Rh8+ 1-0

[Event "Jm KP I 24-25 Hustopece-Veseli"]
[Site "?"]
[Date "2025.01.19"]
[Round "32.5"]
[White "Nerud, Matous"]
[Black "Travnicek, Petr"]
[Result "0-1"]
[WhiteElo "1922"]
[BlackElo "2059"]
[PlyCount "92"]

1. c4 Nf6 2. Nc3 g6 3. e4 d6 4. g3 Bg7 5. Bg2 O-O 6. Nge2 c5 7. O-O Nc6 8. d3
a6 9. h3 Rb8 10. a4 Ne8 11. Be3 Bd7 12. f4 Nc7 13. d4 cxd4 14. Nxd4 Nxd4 15.
Bxd4 b5 16. Bxg7 Kxg7 17. axb5 axb5 18. Qd4+ Kg8 19. cxb5 Nxb5 20. Nxb5 Rxb5
21. Rfc1 Qb8 22. Ra7 Rb4 23. Qe3 Rb3 24. Qd4 Rd3 25. Qxd3 Qxa7+ 26. Kh2 Rb8 27.
Qc3 Qb6 28. Rb1 Rc8 29. Qd2 Qb3 30. Rc1 Rxc1 31. Qxc1 Qb6 32. Qd2 Bc6 33. b4
Bb7 34. Qe1 Qd4 35. h4 Qb2 36. Kh3 h5 37. Bf3 Bc8+ 38. g4 Qb3 39. Kg2 hxg4 40.
Be2 Qh3+ 41. Kg1 Qe3+ 42. Qf2 Qxe4 43. b5 Bb7 44. Kf1 Qb1+ 45. Qe1 Bg2+ 46. Kf2
g3+ 0-1

[Event "Jm KP I 24-25 Hustopece-Veseli"]
[Site "?"]
[Date "2025.01.19"]
[Round "32.6"]
[White "Krizek, Frantisek"]
[Black "Sknouril, Jakub"]
[Result "1-0"]
[WhiteElo "1922"]
[BlackElo "1993"]
[PlyCount "159"]

{[%evp 0,15,19,-12,7,-3,4,-17,-34,-5,-8,-4,40,1,-1,-27,-13,5]} 1. c4 1... e6 2.
Nc3 d5 3. cxd5 exd5 4. d4 Nf6 5. Nf3 Bd6 6. Bg5 c6 7. Qc2 O-O 8. e3 Nbd7 9. Bd3
h6 10. Bh4 Be7 11. O-O Re8 12. Bg3 Nf8 13. Rac1 Bd6 14. Bxd6 Qxd6 15. Ne5 Ng4
16. Nxg4 Bxg4 17. Rfe1 Bh5 18. Qd2 Bg6 19. Bf1 Nh7 20. Ne2 Ng5 21. Ng3 Re6 22.
f3 Rae8 23. Rc3 h5 24. Ne2 Bf5 25. Ng3 Bg6 26. e4 Qe7 27. e5 h4 28. Ne2 Bh7 29.
Nf4 Rh6 30. Rce3 Qd7 31. b4 Qf5 32. Rc3 Ne6 33. Nh3 Qh5 34. b5 Bf5 35. Nf2 Ng5
36. bxc6 bxc6 37. Kh1 Rg6 38. h3 Qh6 39. Ng4 Bxg4 40. hxg4 h3 41. g3 Ne4 42.
Qxh6 Nxg3+ 43. Kh2 Nxf1+ 44. Rxf1 Rxh6 45. f4 Rb8 46. Rf2 Rb6 47. Rxh3 Rxh3+
48. Kxh3 Rb4 49. Rd2 Rc4 50. f5 Kf8 51. Kh4 Rb4 52. Kg5 Rb6 53. f6 a5 54. Rc2
Kg8 55. Rc5 Ra6 56. a4 Kf8 57. Rc2 Rb6 58. Kf5 Kg8 59. Rc5 Ra6 60. e6 fxe6+ 61.
Kxe6 gxf6 62. Kxf6 Rb6 63. g5 Rb1 64. Rxc6 Rf1+ 65. Kg6 Rf8 66. Ra6 Rd8 67.
Rxa5 Rd6+ 68. Kf5 Rd7 69. Ke6 Rg7 70. Rxd5 Rg6+ 71. Ke7 Ra6 72. a5 Kg7 73. Rb5
Ra7+ 74. Ke6 Ra6+ 75. Kd5 Rg6 76. Kc4 Kf8 77. Rf5+ Ke7 78. d5 Rg8 79. a6 Rc8+
80. Kb5 1-0

[Event "Jm KP I 24-25 Hustopece-Veseli"]
[Site "?"]
[Date "2025.01.19"]
[Round "32.7"]
[White "Oujesky, Jakub"]
[Black "Vrtal, Jaroslav"]
[Result "1/2-1/2"]
[WhiteElo "1872"]
[BlackElo "1965"]
[PlyCount "105"]

{[%evp 0,32,19,9,23,4,4,-5,4,-40,5,15,17,19,22,2,24,27,69,42,51,-15,-15,-52,3,
-10,-5,5,0,0,-4,-4,-9,-23,-4]} 1. d4 1... d5 2. c4 e6 3. Nc3 Nf6 4. Bg5 Nbd7 5.
Nf3 Be7 6. e3 O-O 7. a3 dxc4 8. Bxc4 c5 9. O-O a6 10. Qe2 b5 11. Ba2 Bb7 12.
dxc5 Nxc5 13. Rfd1 Qb6 14. b4 Nce4 15. Nxe4 Bxe4 16. Nd2 Bb7 17. Nb3 h6 18. Bh4
Rfd8 19. Rac1 Rxd1+ 20. Qxd1 Rd8 21. Qe2 Rc8 22. Rxc8+ Bxc8 23. Qc2 Bb7 24. Nc5
Bxc5 25. bxc5 Qc6 26. f3 Nd7 27. Bb1 g6 28. Be7 Ne5 29. e4 Qd7 30. Bd6 Nc4 31.
Qd3 Qd8 32. f4 Qa5 33. h3 Qe1+ 34. Kh2 Qd2 35. a4 Bc6 36. axb5 axb5 37. Bc7
Qxd3 38. Bxd3 Nd2 39. Ba5 Nxe4 40. Bxe4 Bxe4 41. Kg3 Kf8 42. Kf2 Ke8 43. g4 Kd7
44. Ke3 Bg2 45. h4 Kc6 46. Kd4 f6 47. Bd8 e5+ 48. fxe5 fxe5+ 49. Kxe5 Kxc5 50.
h5 gxh5 51. gxh5 Bf3 52. Kf6 Bxh5 53. Kg7 1/2-1/2

[Event "Jm KP I 24-25 Hustopece-Veseli"]
[Site "?"]
[Date "2025.01.19"]
[Round "32.8"]
[White "Skalka, Michal"]
[Black "Klimus, Radek"]
[Result "1/2-1/2"]
[WhiteElo "1926"]
[BlackElo "1524"]
[PlyCount "108"]

{[%evp 0,15,38,5,57,-12,59,45,70,19,72,72,64,70,97,78,71,68]} 1. e4 1... c5 2.
c3 g6 3. d4 cxd4 4. Qxd4 f6 5. Nf3 Nc6 6. Qd1 Bg7 7. Bc4 e6 8. Bf4 Nge7 9. Na3
a6 10. Bb3 b5 11. O-O O-O 12. Qd2 Na5 13. Bc2 Bb7 14. Bd6 Rf7 15. Rad1 f5 16.
Ng5 Rf8 17. exf5 exf5 18. Bb4 Bc6 19. Qe3 Nd5 20. Qg3 Nxb4 21. cxb4 f4 22. Qg4
h5 23. Qh4 Bh6 24. Rd6 Rf6 25. Rfd1 Nb7 26. Bb3+ Kg7 27. R6d4 Qe7 28. Ne4 Re6
29. Qxe7+ Rxe7 30. Nc3 Rae8 31. Kf1 f3 32. Bd5 fxg2+ 33. Bxg2 Rf7 34. Bd5 Bxd5
35. Rxd5 d6 36. Kg2 Rf4 37. R5d4 Rxd4 38. Rxd4 Bc1 39. Nab1 Bxb2 40. Rd3 Rf8
41. Nd5 Be5 42. Rd2 Rc8 43. Na3 Bc3 44. Rc2 a5 45. bxa5 b4 46. a6 Nc5 47. Nb6
Rc7 48. Nb5 Nxa6 49. Nxc7 Nxc7 50. a3 Ne6 51. axb4 Bxb4 52. Rc8 Kf7 53. Kg3 Bc5
54. Nd5 Bd4 1/2-1/2

[Event "Jm KP I 24-25 Sloup-Jundrov C"]
[Site "Sloup, Hotel Brousek, board 1"]
[Date "2025.01.19"]
[Round "33.1"]
[White "Pokladnik, Martin"]
[Black "Bednar, Jakub"]
[Result "1/2-1/2"]
[WhiteElo "2033"]
[BlackElo "2164"]
[PlyCount "120"]

1. d4 Nf6 2. c4 e6 3. Nc3 Bb4 4. Qc2 c5 5. dxc5 Nc6 6. Nf3 Qa5 7. Bd2 Qxc5 8.
e3 d5 9. a3 Bxc3 10. Qxc3 dxc4 11. b4 Qb6 12. Bxc4 O-O 13. Qc2 Ne7 14. Bc3 Qc6
15. Bd3 Ned5 16. Bd4 Qxc2 17. Bxc2 Bd7 18. Bd3 Rfc8 19. Kd2 Ng4 20. Ne5 Nxe5
21. Bxe5 f6 22. Bb2 Nb6 23. Rac1 Bc6 24. e4 e5 25. b5 Bd7 26. Rxc8+ Rxc8 27.
Rc1 Na4 28. Rxc8+ Bxc8 29. Bc4+ Kf8 30. Bc1 Ke7 31. Kc2 Nc5 32. f3 Be6 33. Kc3
Bxc4 34. Kxc4 Ne6 35. a4 Kd7 36. Be3 a6 37. bxa6 bxa6 38. Kd5 Nd8 39. h4 h5 40.
g3 Nc6 41. Bc5 Nd8 42. f4 exf4 43. gxf4 Ne6 44. Be3 g6 45. Bd2 Ke7 46. Bc1 Kd7
47. Be3 Nd8 48. Bd4 Ne6 49. Bxf6 Nxf4+ 50. Kc5 Ke6 51. Bg5 Ke5 52. Bxf4+ Kxf4
53. Kd5 g5 54. hxg5 Kxg5 55. e5 h4 56. e6 h3 57. e7 h2 58. e8=Q h1=Q+ 59. Qe4
Qxe4+ 60. Kxe4 Kf6 1/2-1/2

[Event "Jm KP I 24-25 Sloup-Jundrov C"]
[Site "Sloup, Hotel Brousek, board 2"]
[Date "2025.01.19"]
[Round "33.2"]
[White "Svobodova, Michaela"]
[Black "Bohacek, Milan"]
[Result "1/2-1/2"]
[WhiteElo "2002"]
[BlackElo "2004"]
[PlyCount "47"]

1. e4 d6 2. d4 Nf6 3. Nc3 g6 4. Nf3 Bg7 5. Be3 O-O 6. Qd2 c6 7. Bh6 b5 8. Bd3
Bg4 9. Bxg7 Kxg7 10. Nh4 e5 11. dxe5 dxe5 12. Qg5 Nbd7 13. Nf5+ Bxf5 14. exf5
Nc5 15. O-O-O Qc7 16. fxg6 hxg6 17. Rhe1 b4 18. Ne2 Nxd3+ 19. Rxd3 Nd5 20. Ng3
f6 21. Nf5+ Kf7 22. Nh6+ Kg7 23. Nf5+ Kf7 24. Nh6+ 1/2-1/2

[Event "Jm KP I 24-25 Sloup-Jundrov C"]
[Site "Sloup, Hotel Brousek, board 3"]
[Date "2025.01.19"]
[Round "33.3"]
[White "Sevcik, Leos"]
[Black "Ruzicka, Frantisek"]
[Result "1-0"]
[WhiteElo "2001"]
[BlackElo "2036"]
[PlyCount "103"]

1. e4 c5 2. Nf3 e6 3. d4 cxd4 4. Nxd4 a6 5. c4 Qc7 6. Nc3 Nf6 7. Bd3 d6 8. O-O
Be7 9. Be3 Nbd7 10. Rc1 b6 11. Qe2 Bb7 12. f4 Rc8 13. f5 e5 14. Nb3 O-O 15. Nd5
Nxd5 16. cxd5 Nc5 17. Nxc5 bxc5 18. Bxa6 Bxa6 19. Qxa6 Ra8 20. Qc4 Rfb8 21. Rf2
Qd7 22. b3 Rb4 23. Qd3 Ra3 24. Rc4 Qb5 25. Bc1 Ra8 26. Rfc2 Qa6 27. Qe2 Rbb8
28. Qd2 h6 29. Ra4 Qb6 30. Rxa8 Rxa8 31. Qf2 Qa6 32. Qe2 Qa7 33. Kh1 Bd8 34. h3
f6 35. Be3 Qb7 36. Rc4 Ra3 37. Bc1 Ra6 38. Be3 Qa8 39. Rc2 Qb7 40. Qc4 Kh7 41.
Kh2 Ba5 42. Qe2 Bb4 43. g4 Ba5 44. h4 Ra8 45. g5 fxg5 46. hxg5 hxg5 47. Qh5+
Kg8 48. Bxg5 Qf7 49. Qh4 Kf8 50. Rg2 Ke8 51. f6 Kd7 52. fxg7 1-0

[Event "Jm KP I 24-25 Sloup-Jundrov C"]
[Site "Sloup, Hotel Brousek, board 4"]
[Date "2025.01.19"]
[Round "33.4"]
[White "Ruzicka, Martin"]
[Black "Moc, Roman"]
[Result "1-0"]
[WhiteElo "1971"]
[BlackElo "1945"]
[PlyCount "103"]

1. d4 Nf6 2. Bg5 d5 3. Nc3 e6 4. e4 dxe4 5. Nxe4 Be7 6. Bxf6 Bxf6 7. Nf3 O-O 8.
c3 b6 9. Bd3 Ba6 10. Bxa6 Nxa6 11. Qe2 Nb8 12. Nxf6+ Qxf6 13. Ne5 Qe7 14. Qf3
Nd7 15. Nc6 Qd6 16. O-O-O Nf6 17. h4 Nd5 18. Ne5 f6 19. Nd3 Rad8 20. h5 a5 21.
h6 g6 22. Rhe1 c6 23. Qg4 Nc7 24. Nf4 Kf7 25. Rd3 Rde8 26. Rg3 Rg8 27. Rf3 Ref8
28. Nd3 Ke7 29. Rfe3 Kf7 30. Qf3 Qd5 31. Qf4 Rc8 32. Rf3 Ne8 33. Kb1 g5 34. Qg4
Nc7 35. c4 Qd6 36. Qe4 Ne8 37. Qxh7+ Kf8 38. Ne5 Rc7 39. Ng6+ Rxg6 40. Qxg6 Qe7
41. Qxg5 Qh7+ 42. Ka1 Rf7 43. Qe3 Nc7 44. g4 Qg6 45. g5 f5 46. c5 b5 47. Qe5
Qxg5 48. Qd6+ Qe7 49. Qxc6 Kg8 50. Rg3+ Kh7 51. Reg1 Ne8 52. d5 1-0